00464nam a2200145Ia 4500008004100000020003000041040000900071082001600080100001500096245009900111250001900210260002800229300002500257504003600282210804s9999 xx 000 0 und d a9781446294246"qpaperback c3228 a001.42 FLIC aFLICK, Uwe 0aIntroducing research methodology:ba beginner's guide to doing a research project/cUwe Flick aSecond edition aLos AngelesbSAGEc2015 a293 pages. ;c24 cm. 6Includes bibliography and index